000 00426nam a2200145Ia 4500
008 100204s9999 xx 000 0 und d
082 _b10836
100 _aदेसाई रणजित
245 _aस्वामी
260 _b"अजब पुस्तकालय, कोल्हापूर"
_c1987 14
300 _a400
630 _aस्वामी
730 _aस्वामी
942 _cBOOK
999 _c455272
_d455269